Euro v pätách dolára

Pre falšovateľov sú atraktívne najmä stabilné a hodnotné meny. Najčastejšie falšovanou menou je dolár. Zavedenie jednotnej meny euro a snahy o jej falšovanie. Najčastejšie falšované 50 eurovky. Falšovanie mincí. Pravé mince s hodnotou jedno a dve eurá s magnetickým stredom.

Na minha lista:
Detalhes bibliográficos
Autor principal: Šuchová, Katarína
Formato: Capítulo de Livro
Idioma:eslovaco
Assuntos:
Tags: Adicionar Tag
Sem tags, seja o primeiro a adicionar uma tag!

MARC

LEADER 00000naa a2200000 4500
001 0215944
005 20231113083847.1
041 0 |a slo 
044 |a SK 
245 1 0 |a Euro v pätách dolára  |c Katarína Šuchová 
520 |a Pre falšovateľov sú atraktívne najmä stabilné a hodnotné meny. Najčastejšie falšovanou menou je dolár. Zavedenie jednotnej meny euro a snahy o jej falšovanie. Najčastejšie falšované 50 eurovky. Falšovanie mincí. Pravé mince s hodnotou jedno a dve eurá s magnetickým stredom. 
610 2 0 |a peniaze 
610 2 0 |a dolár 
610 2 0 |a euro 
610 2 0 |a bankovky 
610 2 0 |a mince 
610 2 0 |a podvody 
610 2 0 |a falzifikáty 
100 1 |a Šuchová, Katarína